000 00298nam a2200133Ia 4500
100 _aKakde/ O.G/ Deshpande/U.A
650 _aAutomobiles
942 _cBK
654 _adatastructres
245 _aDatastructures and Algorithms
260 _bISTE
_c2001
082 _a5.73
_bKAK
546 _aENGLISH
999 _c32811
_d32811